[Event "Madrid 2019-2020 ch - Previa A"]
[Site "Madrid ESP"]
[Date "2020.02.11"]
[Round "5.9"]
[White "Hernandez Garcia, Carlos"]
[Black "Cardena Contreras, Javier"]
[Result "0-1"]
[WhiteElo "1679"]
[BlackElo "1887"]
[PlyCount "86"]
[EventDate "2020.02.03"]
[EventType "swiss"]
[EventRounds "9"]
[EventCountry "ESP"]
[SourceTitle "Ajedrez en Madrid"]
[Source "lmi"]
[SourceDate "2020.02.03"]
[SourceVersion "1"]
[SourceVersionDate "2020.02.27"]
[SourceQuality "1"]

1. e4 c5 2. Nf3 Nc6 3. d4 cxd4 4. Nxd4 Nf6 5. Nc3 e5 6. Nb3 Bb4 7. Bd3 d5 8.
exd5 Nxd5 9. Bd2 Nxc3 10. Bxc3 Bxc3+ 11. bxc3 O-O 12. Qh5 g6 13. Qh6 e4 14. Be2
Qf6 15. Qe3 b6 16. O-O Bb7 17. a4 Rac8 18. Rac1 Ne5 19. Kh1 Qc6 20. Nd4 Qxc3
21. Qxc3 Rxc3 22. Nb5 Rc5 23. Rfd1 Ba6 24. Rd2 Bxb5 25. axb5 Rfc8 26. Bd1 Rxb5
27. Ra1 a5 28. Rd4 f5 29. h3 Rbc5 30. Rd6 R8c6 31. Rd4 Kf7 32. Kh2 Ke7 33. Rb1
b5 34. Kg3 g5 35. Rb3 Rd6 36. Rxd6 Kxd6 37. f4 exf3 38. gxf3 f4+ 39. Kf2 b4 40.
Rb2 Nc4 41. Ra2 Ne3 42. Ke2 Rd5 43. Ra1 Nxd1 0-1

[Event "Madrid 2019-2020 ch - Previa A"]
[Site "Madrid ESP"]
[Date "2020.02.11"]
[Round "5.11"]
[White "Baeza Escudero, Javier"]
[Black "Lopez Orellana, Federico"]
[Result "1-0"]
[WhiteElo "1884"]
[BlackElo "1705"]
[PlyCount "99"]
[EventDate "2020.02.03"]
[EventType "swiss"]
[EventRounds "9"]
[EventCountry "ESP"]
[SourceTitle "Ajedrez en Madrid"]
[Source "lmi"]
[SourceDate "2020.02.03"]
[SourceVersion "1"]
[SourceVersionDate "2020.02.27"]
[SourceQuality "1"]

1. e4 b6 2. d4 Bb7 3. Bd3 e6 4. c4 Bb4+ 5. Nc3 Nf6 6. Qe2 Nc6 7. Nf3 d6 8. a3
Bxc3+ 9. bxc3 e5 10. O-O h6 11. Re1 O-O 12. Bd2 Bc8 13. h3 Re8 14. Rad1 Bd7 15.
Bc1 Na5 16. Qc2 Bc6 17. c5 Qd7 18. d5 bxc5 19. dxc6 Qxc6 20. c4 Rab8 21. Bd2
Nb3 22. Rb1 Nxd2 23. Qxd2 Rxb1 24. Bxb1 Rb8 25. Qc3 Rb6 26. Bc2 Qb7 27. Nd2 Nh5
28. g3 Qc8 29. Kg2 Qe6 30. Bd1 Nf6 31. Bf3 Qd7 32. Rb1 Qc6 33. Rxb6 cxb6 34.
Qc2 Ne8 35. Nf1 Nc7 36. Ne3 Ne6 37. Nf5 Qd7 38. Bg4 h5 39. Bd1 g6 40. Ne3 h4
41. Qa4 Qe7 42. Bg4 Nd4 43. Qd7 Qg5 44. gxh4 Qf4 45. Qb7 a6 46. h5 gxh5 47.
Bxh5 Kg7 48. Nf5+ Nxf5 49. Qxf7+ Kh8 50. Qxf5 1-0

[Event "Madrid 2019-2020 ch - Previa A"]
[Site "Madrid ESP"]
[Date "2020.02.11"]
[Round "5.12"]
[White "Fernandez Garcia, Ignacio"]
[Black "Viñas Lopez, Carlos"]
[Result "1-0"]
[WhiteElo "1755"]
[BlackElo "1876"]
[PlyCount "119"]
[EventDate "2020.02.03"]
[EventType "swiss"]
[EventRounds "9"]
[EventCountry "ESP"]
[SourceTitle "Ajedrez en Madrid"]
[Source "lmi"]
[SourceDate "2020.02.03"]
[SourceVersion "1"]
[SourceVersionDate "2020.02.27"]
[SourceQuality "1"]

1. e4 c5 2. b3 Nc6 3. Bb2 e5 4. Nc3 d6 5. Nge2 g6 6. Ng3 Bg7 7. Bb5 Nge7 8. Nd5
a6 9. Be2 f5 10. Nxe7 Nxe7 11. f4 fxe4 12. Nxe4 Bf5 13. Ng3 O-O 14. fxe5 Nc6
15. O-O Be6 16. Rxf8+ Qxf8 17. Bg4 Qc8 18. Bxe6+ Qxe6 19. Qe2 Re8 20. Re1 Nd4
21. Bxd4 cxd4 22. d3 dxe5 23. Ne4 Rc8 24. Rf1 Qc6 25. Rf2 Qc7 26. g4 Qe7 27. g5
Rf8 28. Kg2 Rf5 29. h4 b6 30. a4 Qf8 31. Ng3 Rxf2+ 32. Qxf2 Qxf2+ 33. Kxf2 h5
34. Kf3 Kf7 35. Ke4 Ke6 36. Nf1 Bf8 37. Nd2 b5 38. axb5 axb5 39. Kf3 Bb4 40.
Ne4 Be7 41. Ng3 Kd5 42. Ke2 Bb4 43. Ne4 Ke6 44. Kf3 Be1 45. Nc5+ Kf5 46. Ne4 b4
47. Nd6+ Ke6 48. Nc4 Bxh4 49. Ke4 Bg3 50. Nd2 h4 51. Kf3 Bf4 52. Ne4 Kf5 53.
Nf6 Bxg5 54. Nd5 Bd2 55. Ne7+ Kf6 56. Nd5+ Ke6 57. Nc7+ Kf5 58. Nb5 g5 59. Nd6+
Kg6 60. Kg4 1-0

[Event "Madrid 2019-2020 ch - Previa A"]
[Site "Madrid ESP"]
[Date "2020.02.11"]
[Round "5.13"]
[White "Maseda Iglesias, Luis"]
[Black "Pashov, Spas Nikolov"]
[Result "1/2-1/2"]
[WhiteElo "1735"]
[BlackElo "1837"]
[PlyCount "57"]
[EventDate "2020.02.03"]
[EventType "swiss"]
[EventRounds "9"]
[EventCountry "ESP"]
[SourceTitle "Ajedrez en Madrid"]
[Source "lmi"]
[SourceDate "2020.02.03"]
[SourceVersion "1"]
[SourceVersionDate "2020.02.27"]
[SourceQuality "1"]

1. d4 Nf6 2. Nf3 g6 3. Nc3 d5 4. Bf4 Bg7 5. e3 O-O 6. Be2 c5 7. Ne5 cxd4 8.
exd4 e6 9. h4 Nc6 10. Nxc6 bxc6 11. Be5 h5 12. Qd2 Kh7 13. Qg5 Nd7 14. Qxd8
Rxd8 15. Bxg7 Kxg7 16. f4 c5 17. dxc5 Nxc5 18. b4 d4 19. Rd1 Na6 20. Bf3 Rb8
21. a3 Bb7 22. Ne4 Rbc8 23. Rd2 d3 24. cxd3 Rc1+ 25. Bd1 Ra1 26. b5 Bxe4 27.
dxe4 Rxd2 28. Kxd2 Nc5 29. Re1 1/2-1/2

[Event "Madrid 2019-2020 ch - Previa A"]
[Site "Madrid ESP"]
[Date "2020.02.11"]
[Round "5.14"]
[White "Martin-Buitrago Lopez, Antonio"]
[Black "Lozano Sanchez, Jose Antonio"]
[Result "0-1"]
[WhiteElo "1641"]
[BlackElo "1832"]
[PlyCount "130"]
[EventDate "2020.02.03"]
[EventType "swiss"]
[EventRounds "9"]
[EventCountry "ESP"]
[SourceTitle "Ajedrez en Madrid"]
[Source "lmi"]
[SourceDate "2020.02.03"]
[SourceVersion "1"]
[SourceVersionDate "2020.02.27"]
[SourceQuality "1"]

1. e4 e5 2. Nf3 Nc6 3. d4 exd4 4. Nxd4 Bc5 5. Be3 Qf6 6. c3 Nge7 7. Bc4 O-O 8.
O-O Ne5 9. Qe2 Nxc4 10. Qxc4 d6 11. b4 Bb6 12. Nc2 Be6 13. Qd3 Ng6 14. Bd4 Ne5
15. Qg3 Bc4 16. Rd1 Rad8 17. Nba3 Be6 18. Ne3 Qg6 19. Bxb6 Qxg3 20. hxg3 axb6
21. Nb5 Rc8 22. Nd5 Bxd5 23. exd5 Rfd8 24. f4 Ng4 25. Rd4 f5 26. Re1 Re8 27.
Re6 Kf7 28. Rc4 Rxe6 29. dxe6+ Kxe6 30. Rxc7 Rxc7 31. Nxc7+ Kd7 32. Nb5 g6 33.
Kf1 Kc6 34. a4 Ne3+ 35. Kf2 Nd1+ 36. Ke2 Nb2 37. Nd4+ Kd5 38. a5 bxa5 39. bxa5
Na4 40. Kd3 Nc5+ 41. Kc2 Kc4 42. g4 fxg4 43. f5 Ne4 44. Kb2 gxf5 45. Nxf5 h5
46. Kc2 d5 47. Ne3+ Kc5 48. Kd3 Nf6 49. c4 dxc4+ 50. Nxc4 h4 51. Nd2 h3 52.
gxh3 gxh3 53. Nf1 Ng4 54. Ng3 Kb5 55. Ke2 Kxa5 56. Kf3 Ne5+ 57. Kf4 Nd3+ 58.
Kg4 b5 59. Kxh3 b4 60. Ne4 Ka4 61. Kg3 b3 62. Kf3 b2 63. Ke3 Ne5 64. Nd2 Nc4+
65. Nxc4 b1=Q 0-1

[Event "Madrid 2019-2020 ch - Previa A"]
[Site "Madrid ESP"]
[Date "2020.02.11"]
[Round "5.15"]
[White "Marcos Herrero, Francisco"]
[Black "Lizon Martinez, Santiago"]
[Result "1-0"]
[WhiteElo "1883"]
[BlackElo "1738"]
[PlyCount "31"]
[EventDate "2020.02.03"]
[EventType "swiss"]
[EventRounds "9"]
[EventCountry "ESP"]
[SourceTitle "Ajedrez en Madrid"]
[Source "lmi"]
[SourceDate "2020.02.03"]
[SourceVersion "1"]
[SourceVersionDate "2020.02.27"]
[SourceQuality "1"]

1. Nf3 d5 2. d4 Bf5 3. g3 Nf6 4. Bg2 e6 5. O-O Be7 6. c4 c6 7. Qb3 Qb6 8. Nc3
h6 9. c5 Qxb3 10. axb3 Na6 11. Bd2 Ne4 12. Nxe4 Bxe4 13. Ne5 Bc2 14. Nxc6 Bxb3
15. Na5 Bc4 16. Nxc4 1-0

[Event "Madrid 2019-2020 ch - Previa A"]
[Site "Madrid ESP"]
[Date "2020.02.11"]
[Round "5.16"]
[White "Jimenez Gonzalez, Marcos"]
[Black "Martin Rodriguez, Anastasio"]
[Result "1-0"]
[WhiteElo "1811"]
[BlackElo "1607"]
[PlyCount "93"]
[EventDate "2020.02.03"]
[EventType "swiss"]
[EventRounds "9"]
[EventCountry "ESP"]
[SourceTitle "Ajedrez en Madrid"]
[Source "lmi"]
[SourceDate "2020.02.03"]
[SourceVersion "1"]
[SourceVersionDate "2020.02.27"]
[SourceQuality "1"]

1. c4 e5 2. g3 Nc6 3. Bg2 f5 4. Nc3 Nf6 5. d3 Bc5 6. Nf3 d6 7. O-O O-O 8. Bg5
Qe8 9. Bxf6 Rxf6 10. Nd5 Rf7 11. Ng5 Rd7 12. a3 h6 13. Nf3 a6 14. e3 Ne7 15. d4
Nxd5 16. cxd5 Ba7 17. dxe5 dxe5 18. Qb3 e4 19. d6+ Kh8 20. Nh4 Rxd6 21. Rfd1 b5
22. Rxd6 cxd6 23. Qd5 Be6 24. Qxd6 Bb8 25. Qd4 Kh7 26. Rd1 g5 27. Qf6 gxh4 28.
Rd8 Be5 29. Rxe8 Bxf6 30. Rxa8 hxg3 31. hxg3 Bxb2 32. Rxa6 Bc4 33. Bf1 Bd3 34.
Bxd3 exd3 35. Rd6 Bxa3 36. Rxd3 Bf8 37. Rd5 b4 38. Rxf5 Bg7 39. Rb5 Bc3 40. g4
Kg6 41. f4 Bd2 42. Kf2 Bc3 43. Rb6+ Kg7 44. f5 Kh7 45. Ke2 Kg7 46. Kd3 Kh7 47.
Rg6 1-0

[Event "Madrid 2019-2020 ch - Previa A"]
[Site "Madrid ESP"]
[Date "2020.02.11"]
[Round "5.17"]
[White "Castro Uceda, Jose Antonio"]
[Black "Roldan Garcia, Angel"]
[Result "0-1"]
[WhiteElo "1607"]
[BlackElo "1809"]
[PlyCount "118"]
[EventDate "2020.02.03"]
[EventType "swiss"]
[EventRounds "9"]
[EventCountry "ESP"]
[SourceTitle "Ajedrez en Madrid"]
[Source "lmi"]
[SourceDate "2020.02.03"]
[SourceVersion "1"]
[SourceVersionDate "2020.02.27"]
[SourceQuality "1"]

1. e4 c5 2. Nf3 e6 3. d4 cxd4 4. Nxd4 Nc6 5. Nc3 Qc7 6. Be2 Nf6 7. O-O a6 8.
Be3 Bb4 9. Bf3 Ne5 10. Bd2 Nxf3+ 11. Qxf3 Qe5 12. Nb3 Bxc3 13. Bxc3 Qxe4 14.
Qxe4 Nxe4 15. Bxg7 Rg8 16. Bh6 b6 17. Rfe1 Bb7 18. f3 Ng5 19. Bxg5 Rxg5 20. Kf2
Ke7 21. Rad1 Rag8 22. g3 h5 23. Rd4 Rf5 24. Nd2 Rc8 25. c3 Rb5 26. Nc4 d5 27.
Ne3 Rxb2+ 28. Kg1 Rxa2 29. Nxd5+ Bxd5 30. Rxd5 Rxc3 31. f4 Rc5 32. Rxc5 bxc5
33. Re5 c4 34. Rc5 Rc2 35. h4 c3 36. Kf1 Rc1+ 37. Ke2 c2 38. Kd2 Rg1 39. Kxc2
Rxg3 40. Rxh5 Rf3 41. Ra5 Rxf4 42. h5 Rf5 43. Rxa6 Rxh5 44. Kd3 Rh4 45. Ke3 Kf6
46. Kf3 Kf5 47. Ra5+ e5 48. Kg3 Rd4 49. Kf3 Rd3+ 50. Ke2 Rb3 51. Kf2 f6 52. Rc5
Kf4 53. Rc4+ e4 54. Ke2 Rb2+ 55. Ke1 f5 56. Kf1 Kf3 57. Ke1 e3 58. Rd4 Rb1+ 59.
Rd1 Rxd1+ 0-1

[Event "Madrid 2019-2020 ch - Previa A"]
[Site "Madrid ESP"]
[Date "2020.02.11"]
[Round "5.18"]
[White "Giron Herranz, Juan"]
[Black "Martin Vazquez, Jose Luis"]
[Result "1-0"]
[WhiteElo "1580"]
[BlackElo "1789"]
[PlyCount "79"]
[EventDate "2020.02.03"]
[EventType "swiss"]
[EventRounds "9"]
[EventCountry "ESP"]
[SourceTitle "Ajedrez en Madrid"]
[Source "lmi"]
[SourceDate "2020.02.03"]
[SourceVersion "1"]
[SourceVersionDate "2020.02.27"]
[SourceQuality "1"]

1. d4 Nf6 2. c4 g6 3. Nc3 Bg7 4. e4 d6 5. Bg5 O-O 6. Qd2 c5 7. d5 Re8 8. Bd3
Nbd7 9. Nge2 Ne5 10. O-O Nxd3 11. Qxd3 h6 12. Bf4 Nd7 13. Rab1 Ne5 14. Bxe5
dxe5 15. a3 Bd7 16. b4 b6 17. bxc5 bxc5 18. Rb7 Bc8 19. Rb3 Ba6 20. Rfb1 Qd6
21. Nb5 Bxb5 22. Rxb5 e6 23. Nc3 Reb8 24. Rxb8+ Rxb8 25. Rxb8+ Qxb8 26. Qb1
Qxb1+ 27. Nxb1 Kf8 28. Nc3 Bf6 29. Nb5 a6 30. Nc7 a5 31. dxe6 Bd8 32. Nb5 f5
33. exf5 gxf5 34. Nd6 Ke7 35. Nxf5+ Kxe6 36. Nxh6 a4 37. Ng4 e4 38. Kf1 Kf5 39.
Ne3+ Kf4 40. Ke2 1-0

[Event "Madrid 2019-2020 ch - Previa A"]
[Site "Madrid ESP"]
[Date "2020.02.11"]
[Round "5.19"]
[White "Faggiano, Alessandro"]
[Black "Hernandez Gutierrez, Jose"]
[Result "1-0"]
[WhiteElo "1282"]
[BlackElo "1784"]
[PlyCount "160"]
[EventDate "2020.02.03"]
[EventType "swiss"]
[EventRounds "9"]
[EventCountry "ESP"]
[SourceTitle "Ajedrez en Madrid"]
[Source "lmi"]
[SourceDate "2020.02.03"]
[SourceVersion "1"]
[SourceVersionDate "2020.02.27"]
[SourceQuality "1"]

1. c4 c6 2. Nc3 d5 3. cxd5 cxd5 4. d4 Nc6 5. e3 Nf6 6. Nf3 Bg4 7. Be2 e6 8. O-O
a6 9. Re1 Bd6 10. Nd2 Bxe2 11. Qxe2 O-O 12. Nf3 Bc7 13. e4 dxe4 14. Nxe4 Nxe4
15. Qxe4 Qd6 16. g3 h6 17. Bf4 Qd7 18. Bxc7 Qxc7 19. Ne5 Rfd8 20. Rac1 Rd5 21.
Nxc6 bxc6 22. Rc5 Rb8 23. Rec1 Qd7 24. R1c4 Rb6 25. b4 g6 26. a4 Qb7 27. a5
Rxb4 28. Rxc6 Rxc4 29. Rxc4 Qd7 30. Qf4 g5 31. Qb8+ Kg7 32. Rc7 Qb5 33. Qa7 Rf5
34. Rc5 Qb1+ 35. Kg2 Qe4+ 36. Kh3 Qxd4 37. Rc7 Qxa7 38. Rxa7 Rxa5 39. Kg4 Kg6
40. Kf3 h5 41. Ke4 f5+ 42. Ke3 Ra3+ 43. Ke2 f4 44. gxf4 gxf4 45. Re7 f3+ 46.
Ke1 Kf6 47. Rh7 Ra5 48. Kd2 Re5 49. Kd3 Kg6 50. Ra7 a5 51. Kd4 Rf5 52. Ke4 Kg5
53. Rg7+ Kf6 54. Ra7 h4 55. Ra6 h3 56. Ra7 Kg6 57. Ra6 Kf6 58. Ra7 Rb5 59. Kxf3
Ke5 60. Kg4 Ke4 61. Kxh3 Kf3 62. Kh4 Kxf2 63. Rf7+ Kg2 64. Re7 Rb6 65. h3 Ra6
66. Kg4 a4 67. Rb7 Kf2 68. h4 a3 69. Rb1 e5 70. Kf5 Ra5 71. Ke4 Ke2 72. h5 Kd2
73. h6 Kc3 74. h7 Ra8 75. Ra1 Rh8 76. Rxa3+ Kc4 77. Rh3 Kc5 78. Rh6 Kc4 79.
Kxe5 Kd3 80. Kf6 Ke4 1-0

[Event "Madrid 2019-2020 ch - Previa A"]
[Site "Madrid ESP"]
[Date "2020.02.11"]
[Round "5.20"]
[White "Garcia Gonzalez, Pedro A."]
[Black "Villodre Miranda, Juan Alonso"]
[Result "0-1"]
[WhiteElo "1743"]
[BlackElo "1582"]
[PlyCount "60"]
[EventDate "2020.02.03"]
[EventType "swiss"]
[EventRounds "9"]
[EventCountry "ESP"]
[SourceTitle "Ajedrez en Madrid"]
[Source "lmi"]
[SourceDate "2020.02.03"]
[SourceVersion "1"]
[SourceVersionDate "2020.02.27"]
[SourceQuality "1"]

1. d4 d5 2. Nf3 g6 3. e3 Bg7 4. b4 a6 5. Bb2 f5 6. c4 c6 7. Nbd2 e6 8. Bd3 Nf6
9. a4 O-O 10. O-O Nbd7 11. b5 axb5 12. cxb5 Ne4 13. Qc2 Qb6 14. Ba3 Re8 15.
Rab1 Qa5 16. bxc6 bxc6 17. Rb4 Bf8 18. Nb3 Qa7 19. Qxc6 Bxb4 20. Bxb4 Ndf6 21.
Bb5 Bd7 22. Qc2 Rec8 23. Qb2 Bxb5 24. axb5 Qb6 25. Nc5 Qxb5 26. Nxe6 Rab8 27.
Qa3 Ra8 28. Qxa8 Rxa8 29. Nc7 Qxb4 30. Nxa8 Qb7 0-1

[Event "Madrid 2019-2020 ch - Previa A"]
[Site "Madrid ESP"]
[Date "2020.02.11"]
[Round "5.21"]
[White "Lopez Heras, Arturo"]
[Black "Martinez Pascual, Gonzalo"]
[Result "1-0"]
[WhiteElo "1719"]
[BlackElo "1559"]
[PlyCount "91"]
[EventDate "2020.02.03"]
[EventType "swiss"]
[EventRounds "9"]
[EventCountry "ESP"]
[SourceTitle "Ajedrez en Madrid"]
[Source "lmi"]
[SourceDate "2020.02.03"]
[SourceVersion "1"]
[SourceVersionDate "2020.02.27"]
[SourceQuality "1"]

1. e4 e6 2. c4 d5 3. exd5 exd5 4. d4 dxc4 5. Bxc4 Nf6 6. Nc3 Be7 7. Nf3 O-O 8.
Ne5 b6 9. Qf3 c6 10. Be3 Bb7 11. O-O Bd6 12. Rad1 Qc7 13. Qg3 Kh8 14. f4 Ba6
15. Bxa6 Nxa6 16. Qf3 Nb4 17. Rc1 Bxe5 18. fxe5 Ng8 19. a3 Na6 20. Nb5 Qd7 21.
Qxc6 Qxc6 22. Rxc6 Ne7 23. Rc2 Nd5 24. Bc1 Kg8 25. Nd6 Nac7 26. Rcf2 f6 27.
exf6 Rxf6 28. Rxf6 Nxf6 29. Bg5 Nfd5 30. Nf7 Rf8 31. Ne5 Rxf1+ 32. Kxf1 Ne6 33.
Nf3 Kf7 34. Bd2 Kf6 35. Ke2 g5 36. Kd3 Ndf4+ 37. Kc4 Nxg2 38. d5 g4 39. Ng1 Nc5
40. Kb5 Ke5 41. Kc6 Ne4 42. Bc3+ Nxc3 43. bxc3 Ne3 44. d6 Nd5 45. d7 Ne7+ 46.
Kb7 1-0

[Event "Madrid 2019-2020 ch - Previa A"]
[Site "Madrid ESP"]
[Date "2020.02.11"]
[Round "5.22"]
[White "Barahona Torrijos, Angel"]
[Black "Lopez Guitian, Juan J."]
[Result "1/2-1/2"]
[WhiteElo "1827"]
[BlackElo "1497"]
[PlyCount "90"]
[EventDate "2020.02.03"]
[EventType "swiss"]
[EventRounds "9"]
[EventCountry "ESP"]
[SourceTitle "Ajedrez en Madrid"]
[Source "lmi"]
[SourceDate "2020.02.03"]
[SourceVersion "1"]
[SourceVersionDate "2020.02.27"]
[SourceQuality "1"]

1. e4 b6 2. d4 Bb7 3. Bd3 Nf6 4. Qe2 d6 5. Nf3 Nbd7 6. Bf4 Nh5 7. Bd2 g6 8. O-O
c5 9. Bc3 Nf4 10. Qe1 Nxd3 11. cxd3 cxd4 12. Bxd4 e5 13. Be3 Bg7 14. Nc3 O-O
15. Qd2 Re8 16. Rfc1 Nf6 17. Rc2 Qd7 18. h3 d5 19. exd5 Nxd5 20. Nxd5 Bxd5 21.
Nh2 Qb7 22. f3 Rad8 23. Rac1 Rc8 24. Ng4 f5 25. Nh2 Bxa2 26. Bh6 Bb3 27. Rxc8
Rxc8 28. Bxg7 Rxc1+ 29. Qxc1 Qxg7 30. Qc3 Bf7 31. Nf1 Be6 32. Ne3 b5 33. Kf2 a6
34. Qc5 e4 35. d4 f4 36. Nd5 e3+ 37. Ke2 Bxd5 38. Qxd5+ Qf7 39. Qd8+ Kg7 40. d5
Qf6 41. Qc7+ Kh6 42. Kd3 Qf5+ 43. Kd4 Qf6+ 44. Kd3 Qf5+ 45. Kd4 Qf6+ 1/2-1/2

[Event "Madrid 2019-2020 ch - Previa A"]
[Site "Madrid ESP"]
[Date "2020.02.11"]
[Round "5.23"]
[White "Rubio Gonzalez, Beltran"]
[Black "Ruiz Quevedo, Andres"]
[Result "0-1"]
[WhiteElo "1601"]
[BlackElo "1898"]
[PlyCount "44"]
[EventDate "2020.02.03"]
[EventType "swiss"]
[EventRounds "9"]
[EventCountry "ESP"]
[SourceTitle "Ajedrez en Madrid"]
[Source "lmi"]
[SourceDate "2020.02.03"]
[SourceVersion "1"]
[SourceVersionDate "2020.02.27"]
[SourceQuality "1"]

1. d4 Nf6 2. c4 c5 3. d5 a6 4. a4 e5 5. Nc3 d6 6. e4 g6 7. Be2 Bg7 8. h4 h5 9.
a5 Nbd7 10. Bg5 Nf8 11. Nf3 N8h7 12. Bd2 Ng4 13. Na4 f5 14. Nb6 O-O 15. Nxa8
fxe4 16. Be3 exf3 17. gxf3 Nxe3 18. fxe3 e4 19. Ra2 exf3 20. Bxf3 Qf6 21. Nb6
Bg4 22. Nd7 Bxd7 0-1

[Event "Madrid 2019-2020 ch - Previa A"]
[Site "Madrid ESP"]
[Date "2020.02.11"]
[Round "5.24"]
[White "Alises Fontecha, Juan"]
[Black "Gonzalez-Ruano Perez, Cesar"]
[Result "1-0"]
[WhiteElo "1586"]
[BlackElo "1855"]
[PlyCount "47"]
[EventDate "2020.02.03"]
[EventType "swiss"]
[EventRounds "9"]
[EventCountry "ESP"]
[SourceTitle "Ajedrez en Madrid"]
[Source "lmi"]
[SourceDate "2020.02.03"]
[SourceVersion "1"]
[SourceVersionDate "2020.02.27"]
[SourceQuality "1"]

1. e4 d6 2. Nf3 Nf6 3. Nc3 e5 4. Bc4 Be7 5. O-O h6 6. d4 Nbd7 7. a4 a5 8. Bd2
c6 9. Bd3 Qc7 10. Ne2 Nf8 11. Ng3 Bg4 12. c3 Ne6 13. dxe5 dxe5 14. h3 Bxf3 15.
Qxf3 g6 16. Be3 Kf8 17. Bc4 Ng5 18. Qe2 Kg7 19. f4 Ngxe4 20. Nxe4 Nxe4 21. fxe5
f5 22. exf6+ Nxf6 23. Bd4 Raf8 24. Rad1 1-0

[Event "Madrid 2019-2020 ch - Previa A"]
[Site "Madrid ESP"]
[Date "2020.02.11"]
[Round "5.25"]
[White "Del Castillo Izquierdo, Jose"]
[Black "Cruz Gonzalez, Antonio"]
[Result "1-0"]
[WhiteElo "1602"]
[BlackElo "1719"]
[PlyCount "77"]
[EventDate "2020.02.03"]
[EventType "swiss"]
[EventRounds "9"]
[EventCountry "ESP"]
[SourceTitle "Ajedrez en Madrid"]
[Source "lmi"]
[SourceDate "2020.02.03"]
[SourceVersion "1"]
[SourceVersionDate "2020.02.27"]
[SourceQuality "1"]

1. d4 g6 2. c4 Bg7 3. Nc3 c5 4. d5 d6 5. e4 e6 6. Nf3 Ne7 7. Qc2 exd5 8. cxd5
a6 9. a4 O-O 10. h4 h5 11. Bf4 Re8 12. O-O-O Bg4 13. Bd3 Nc8 14. Rde1 Bxf3 15.
gxf3 Be5 16. Bg5 Bf6 17. Rhg1 Re5 18. Bf4 Bxh4 19. Bxe5 dxe5 20. Qd2 b5 21. Qh6
Qf6 22. Rg2 Ne7 23. Qxh5 Kf8 24. Qg4 c4 25. Be2 b4 26. d6 bxc3 27. dxe7+ Qxe7
28. Qc8+ Kg7 29. Qxc4 cxb2+ 30. Kxb2 Nc6 31. Qxc6 Rb8+ 32. Kc2 Qb4 33. Rc1 Qb3+
34. Kd2 Rd8+ 35. Ke1 Be7 36. Kf1 Ba3 37. Qc3 Qxa4 38. Qxe5+ Kg8 39. Rh2 1-0

[Event "Madrid 2019-2020 ch - Previa A"]
[Site "Madrid ESP"]
[Date "2020.02.11"]
[Round "5.26"]
[White "Gortazar Rubial, Javier Maria"]
[Black "Olmos Rodriguez, Arcadio"]
[Result "1-0"]
[WhiteElo "1633"]
[BlackElo "1404"]
[PlyCount "81"]
[EventDate "2020.02.03"]
[EventType "swiss"]
[EventRounds "9"]
[EventCountry "ESP"]
[SourceTitle "Ajedrez en Madrid"]
[Source "lmi"]
[SourceDate "2020.02.03"]
[SourceVersion "1"]
[SourceVersionDate "2020.02.27"]
[SourceQuality "1"]

1. e4 c6 2. d4 d5 3. exd5 cxd5 4. Bd3 Nf6 5. Bf4 Nc6 6. c3 g6 7. Nf3 Bg7 8. O-O
O-O 9. Re1 Re8 10. Nbd2 Nd7 11. Bc2 e5 12. dxe5 Ndxe5 13. Nxe5 Nxe5 14. Nb3 Nc4
15. Rb1 Rxe1+ 16. Qxe1 Be6 17. Nd4 Bxd4 18. cxd4 Qf6 19. Be5 Nxe5 20. Qxe5 Qxe5
21. dxe5 Rc8 22. Bb3 b5 23. Rd1 Rd8 24. f4 a5 25. a3 Kg7 26. Kf2 h6 27. h4 g5
28. hxg5 hxg5 29. f5 Bxf5 30. Rxd5 Rxd5 31. Bxd5 Kg6 32. b4 axb4 33. axb4 Be6
34. Bxe6 fxe6 35. g4 Kf7 36. Ke3 Ke7 37. Kd4 Kd7 38. Kc5 Kc7 39. Kxb5 Kb7 40.
Kc5 Kc7 41. b5 1-0

[Event "Madrid 2019-2020 ch - Previa A"]
[Site "Madrid ESP"]
[Date "2020.02.11"]
[Round "5.27"]
[White "Menendez Domens, Juan Manuel"]
[Black "Bellagamba, Pascal"]
[Result "0-1"]
[WhiteElo "1445"]
[BlackElo "1612"]
[PlyCount "44"]
[EventDate "2020.02.03"]
[EventType "swiss"]
[EventRounds "9"]
[EventCountry "ESP"]
[SourceTitle "Ajedrez en Madrid"]
[Source "lmi"]
[SourceDate "2020.02.03"]
[SourceVersion "1"]
[SourceVersionDate "2020.02.27"]
[SourceQuality "1"]

1. Nf3 f6 2. e4 e5 3. c3 Nc6 4. g3 d5 5. exd5 Qxd5 6. Bg2 Qd3 7. Bf1 Qd5 8. Bg2
Bg4 9. d3 O-O-O 10. Ke2 e4 11. dxe4 Qxe4+ 12. Be3 Rxd1 13. Rxd1 Ne5 14. Nbd2
Qf5 15. h3 Bxh3 16. Bxh3 Qxh3 17. Nxe5 fxe5 18. Ne4 Be7 19. Ng5 Qh5+ 20. f3
Bxg5 21. Bxg5 Qxg5 22. Rd5 Nf6 0-1

[Event "Madrid 2019-2020 ch - Previa A"]
[Site "Madrid ESP"]
[Date "2020.02.11"]
[Round "5.28"]
[White "Penas Merino, Ramona"]
[Black "De Diego Ferrer, Emilio"]
[Result "0-1"]
[WhiteElo "1422"]
[BlackElo "1883"]
[PlyCount "64"]
[EventDate "2020.02.03"]
[EventType "swiss"]
[EventRounds "9"]
[EventCountry "ESP"]
[SourceTitle "Ajedrez en Madrid"]
[Source "lmi"]
[SourceDate "2020.02.03"]
[SourceVersion "1"]
[SourceVersionDate "2020.02.27"]
[SourceQuality "1"]

1. d4 d5 2. c4 e6 3. cxd5 exd5 4. Nc3 f5 5. Nf3 Nf6 6. Bg5 Be7 7. e3 O-O 8. Bd3
c6 9. O-O Ne4 10. Bxe7 Qxe7 11. Rc1 Be6 12. a3 Bf7 13. Ne5 Nd7 14. f4 a5 15.
Qf3 Nxe5 16. dxe5 Nd2 17. Qh3 Nxf1 18. Rxf1 g6 19. Qh6 Be6 20. Rf3 b5 21. Ne2
Qd7 22. Nd4 Rab8 23. Rh3 Rf7 24. Qg5 c5 25. Nf3 Qe7 26. Qh6 Qf8 27. Qg5 b4 28.
a4 Rd8 29. Bb5 d4 30. exd4 cxd4 31. Bd3 Rc8 32. Nxd4 Qc5 0-1

[Event "Madrid 2019-2020 ch - Previa A"]
[Site "Madrid ESP"]
[Date "2020.02.11"]
[Round "5.29"]
[White "Rodriguez Bachiller, Luis"]
[Black "Sarabia Diaz, Santiago"]
[Result "1-0"]
[WhiteElo "1536"]
[BlackElo "1724"]
[PlyCount "103"]
[EventDate "2020.02.03"]
[EventType "swiss"]
[EventRounds "9"]
[EventCountry "ESP"]
[SourceTitle "Ajedrez en Madrid"]
[Source "lmi"]
[SourceDate "2020.02.03"]
[SourceVersion "1"]
[SourceVersionDate "2020.02.27"]
[SourceQuality "1"]

1. d4 Nf6 2. Bf4 e6 3. e3 b6 4. Be2 Bb7 5. Bf3 Bxf3 6. Nxf3 d6 7. O-O Nbd7 8.
h3 Be7 9. Nbd2 O-O 10. c4 c5 11. Rc1 Qc7 12. Bh2 Rfd8 13. Qc2 Rac8 14. b3 Qb7
15. Rfd1 b5 16. Qb1 a6 17. a4 b4 18. Nf1 Ne4 19. Qd3 Rb8 20. Ng3 Nc3 21. Rd2
Nf6 22. Rdc2 Rbc8 23. Ne2 Nfe4 24. Nd2 Nxe2+ 25. Qxe2 Nc3 26. Qf3 d5 27. cxd5
exd5 28. dxc5 Rxc5 29. Be5 Rdc8 30. Nc4 f6 31. Bd6 Ne4 32. Bxc5 Rxc5 33. Nb2
Nd2 34. Qd1 Nxb3 35. Rxc5 Nxc5 36. Nd3 Ne4 37. Qc2 Nc3 38. Kf1 a5 39. Qb3 Qd7
40. Nf4 g5 41. Rxc3 bxc3 42. Nxd5 Kf8 43. e4 f5 44. Qxc3 fxe4 45. Qh8+ Kf7 46.
Qxh7+ Ke6 47. Qxe7+ Qxe7 48. Nxe7 Kxe7 49. Ke2 Kd6 50. Ke3 Kd5 51. f3 Kc6 52.
h4 1-0